=LDR 00000nam 2200000 4500 =001 INLIS000000000023062 =005 20130612121744 =008 ***********************************Ind** =035 ##$$0010-061300000023062 =041 ##$$a Ind =082 ##$$a F Rom D =090 ##$$a F Rom D, Wol-s =100 ##$$a Wolf, Stefan =245 ##$$a Stop, Manusia Ular, Stefan Wolf; Alih bahasa, Hendarto Setiadi =260 ##$$a 1990 $b Jakarta =300 ##$$a 248 hlm., 18 cm =650 ##$$a Fiksi terjemahan =850 ##$$a NBPNMAT